000 00618 a2200181 4500
999 _c7125
_d7125
020 _a9788177583823
050 0 0 _aHB172.5 FRO 2005
100 1 _aFroyen, Richard T.
_eauthor
245 1 0 _aMacroeconomics, theories & policies /
_cRichard T. Froyen.
250 _a8th ed.
264 _aNew Delhi :
_bPearson,
_c2005.
300 _a528p. :
_bill. ;
500 _aIncludes index
504 _aIncludes bibliographical references
650 0 _aMacroeconomics.
942 _2lcc
_cBK
_e8th ed.
_h172.5
_iFRO
_kHB